[Event "Cheliabinsk Lozovatsky Memorial-A"]
[Site "Cheliabinsk"]
[Date "2023.02.02"]
[Round "7"]
[White "Babakekhyan, Artem"]
[Black "Volkov, Sergey"]
[Result "0-1"]
[WhiteElo "2263"]
[BlackElo "2472"]
[PlyCount "96"]
[EventDate "2023.01.27"]
[EventType "swiss"]
[EventRounds "10"]
[EventCountry "RUS"]
[SourceTitle "CBM 212 Extra"]
[Source "ChessBase"]
[SourceDate "2023.03.31"]
[SourceVersion "1"]
[SourceVersionDate "2023.03.31"]
[SourceQuality "1"]

1. Nf3 d5 2. g3 Nf6 3. Bg2 c6 4. c4 dxc4 5. 0-0 Nbd7 6. Na3 Nb6 7. Ne5 g6 8. Naxc4 Nxc4 9. Nxc4 Bg7 10. d3 Be6 11. Rb1 Qc8 12. b4 Bh3 13. Bb2 h5 14. Ne5 Bxg2 15. Kxg2 Qe6 16. h4 a5 17. a3 0-0 18. Nc4 axb4 19. axb4 b5 20. Ne3 Ra2 21. Bd4 Nd5 22. Bxg7 Nxe3+ 23. fxe3 Kxg7 24. Rf3 Rfa8 25. Kf2 R8a3 26. e4 f6 27. Qc1 Qh3 28. Rb2 Ra1 29. Rb1 Qh2+ 30. Ke3 R3a2 31. Rf2 Qxg3+ 32. Rf3 Qh2 33. Rf2 Qh3+ 34. Rf3 Rxb1 35. Qxb1 Qe6 36. Rg3 f5 37. Kf2 fxe4 38. dxe4 Qf6+ 39. Rf3 Qxh4+ 40. Kg1 Qg5+ 41. Kh1 Ra7 42. Qf1 Qh4+ 43. Kg1 e5 44. Rf8 Qe7 45. Rc8 Qg5+ 46. Kh2 Rf7 47. Qe1 Qe3 48. Qh4 Qxe2+ 0-1

[Event "Cheliabinsk Lozovatsky Memorial-A"]
[Site "Cheliabinsk"]
[Date "2023.01.27"]
[Round "1"]
[White "Babakekhyan, Artem"]
[Black "Iljiushenok, Ilia"]
[Result "0-1"]
[WhiteElo "2263"]
[BlackElo "2543"]
[PlyCount "62"]
[EventDate "2023.01.27"]
[EventType "swiss"]
[EventRounds "10"]
[EventCountry "RUS"]
[SourceTitle "CBM 212 Extra"]
[Source "ChessBase"]
[SourceDate "2023.03.31"]
[SourceVersion "1"]
[SourceVersionDate "2023.03.31"]
[SourceQuality "1"]

1. Nf3 Nf6 2. g3 c5 3. Bg2 Nc6 4. c4 d5 5. cxd5 Nxd5 6. 0-0 e5 7. Nc3 Nc7 8. d3 Be7 9. Be3 0-0 10. Nd2 Rb8 11. Bxc6 bxc6 12. Qc1 Bh3 13. Rd1 Ne6 14. Nc4 Qc7 15. Re1 Rbd8 16. f4 exf4 17. Bxf4 Qd7 18. Ne4 Qd5 19. Kh1 Bf5 20. Qe3 f6 21. h4 h6 22. h5 Bg4 23. Kg1 Qxh5 24. Nf2 Rfe8 25. Nxg4 Qxg4 26. Qf2 Nd4 27. Rac1 Bd6 28. Nxd6 Rxe2 29. Rxe2 Nxe2+ 30. Kh2 Qh5+ 31. Kg2 Nxc1 0-1

[Event "Chigorin Memorial Blitz"]
[Site "St Petersburg"]
[Date "2022.10.21"]
[Round "3"]
[White "Afanasiev, Nikita"]
[Black "Babakekhyan, Artem"]
[Result "1-0"]
[WhiteElo "2569"]
[BlackElo "2263"]
[PlyCount "47"]
[EventDate "2022.10.21"]
[EventType "swiss (blitz)"]
[EventRounds "11"]
[EventCountry "RUS"]
[SourceTitle "EXT 2024"]
[Source "ChessBase"]
[SourceDate "2023.10.10"]
[SourceVersion "1"]
[SourceVersionDate "2023.10.10"]
[SourceQuality "1"]

1. Nf3 Nf6 2. g3 g6 3. Bg2 Bg7 4. 0-0 0-0 5. d4 d5 6. c4 c6 7. Qa4 a5 8. cxd5 cxd5 9. Nc3 Ne4 10. Bf4 Nc6 11. Rfc1 Nxc3 12. bxc3 Qd7 13. Qb5 a4 14. Rab1 Ra5 15. Qb6 Qe6 16. e3 Ra6 17. Qc5 Qd7 18. c4 Rd8 19. cxd5 Qxd5 20. Qxd5 Rxd5 21. Ne5 Rda5 22. Bxc6 Bxe5 23. Bg2 Bxf4 24. Rxc8+ 1-0

[Event "Cheliabinsk Variant Gp-A"]
[Site "Cheliabinsk"]
[Date "2021.03.25"]
[Round "3"]
[White "Babakekhyan, Artem"]
[Black "Khruschiov, Alexey"]
[Result "1-0"]
[WhiteElo "2181"]
[BlackElo "2392"]
[PlyCount "161"]
[EventDate "2021.03.23"]
[EventType "swiss"]
[EventRounds "10"]
[EventCountry "RUS"]
[SourceTitle "CBM 202 Extra"]
[Source "ChessBase"]
[SourceDate "2021.07.31"]
[SourceVersion "1"]
[SourceVersionDate "2021.07.31"]
[SourceQuality "1"]

1. Nf3 d5 2. g3 Nf6 3. Bg2 Bf5 4. 0-0 e6 5. c4 c6 6. cxd5 exd5 7. d3 Bc5 8. Qb3 Bb6 9. Qa3 Nbd7 10. Nc3 Nc5 11. e4 dxe4 12. dxe4 Bxe4 13. Ng5 Bxg2 14. Re1+ Ne6 15. Nxe6 fxe6 16. Rxe6+ Kf7 17. Rd6 Qe7 18. Kxg2 Rhd8 19. Qb3+ Kf8 20. Re6 Qf7 21. Bf4 Nd5 22. Re4 Nf6 23. Qa3+ Kg8 24. Re7 Qf8 25. Qb3+ Kh8 26. Rxb7 Nd7 27. Qc4 g5 28. Rxd7 Rxd7 29. Be5+ Rg7 30. Ne4 g4 31. Bxg7+ Qxg7 32. Rd1 Qxb2 33. Rd7 Rf8 34. Rf7 Rxf7 35. Qxf7 h6 36. Qe8+ Kg7 37. Qd7+ Kf8 38. Qxc6 Qxa2 39. Qxh6+ Ke8 40. Qg6+ Kd8 41. Qxg4 a5 42. Qg5+ Kc7 43. Qe7+ Kb8 44. g4 a4 45. g5 a3 46. g6 Qd5 47. g7 a2 48. Qd6+ Qxd6 49. Nxd6 a1Q 50. g8Q+ Kc7 51. Ne4 Bd4 52. h4 Qb2 53. h5 Qa1 54. h6 Qb2 55. h7 Qa1 56. Ng5 Kb7 57. Qd5+ Ka7 58. Ne6 Bh8 59. Qc5+ Ka8 60. Ng5 Qb2 61. Kh3 Qa1 62. Kg4 Qb2 63. f4 Qa1 64. Qd5+ Ka7 65. Kh5 Qb2 66. Qe6 Qa1 67. Kg6 Qg7+ 68. Kf5 Qb2 69. Ne4 Qd4 70. Qc6 Qb2 71. Ke6 Qb3+ 72. Qd5 Qh3+ 73. Qf5 Qb3+ 74. Kd7 Qb7+ 75. Ke8 Qb2 76. Nd6 Ka6 77. Qc8+ Ka7 78. Qb7+ Qxb7 79. Nxb7 Kxb7 80. Ke7 Kc6 81. f5 1-0

[Event "RUS-chT U14"]
[Site "Sochi"]
[Date "2017.05.01"]
[Round "1.5"]
[White "Bobkov, Vadim"]
[Black "Babakekhyan, Artem"]
[Result "1-0"]
[WhiteElo "1894"]
[BlackElo "1924"]
[PlyCount "99"]
[EventDate "2017.05.01"]
[EventType "team-tourn"]
[EventRounds "9"]
[EventCountry "RUS"]
[SourceTitle "CBM 178 Extra"]
[Source "ChessBase"]
[SourceDate "2017.06.22"]
[SourceVersion "1"]
[SourceVersionDate "2017.06.22"]
[SourceQuality "1"]

1. d4 Nf6 2. c4 g6 3. Nc3 d5 4. Bf4 Bg7 5. e3 0-0 6. cxd5 Nxd5 7. Nxd5 Qxd5 8. Bxc7 Na6 9. Bxa6 Qxg2 10. Qf3 Qxf3 11. Nxf3 bxa6 12. Rc1 a5 13. Nd2 a4 14. Rc5 Bb7 15. 0-0 Rfc8 16. Rfc1 Bf8 17. d5 a5 18. e4 f6 19. Nc4 Ra6 20. Nxa5 Ba8 21. Nc4 Bh6 22. Rc2 Bf4 23. Na3 Rxc7 24. Rxc7 Bxc7 25. Rxc7 Kf7 26. Nc4 Ke8 27. Rc8+ Kf7 28. f3 f5 29. Kf2 fxe4 30. fxe4 Rf6+ 31. Ke3 Bb7 32. Ne5+ Kg7 33. Rc7 Ba6 34. Rxe7+ Kg8 35. Ng4 Rb6 36. e5 Rxb2 37. d6 Re2+ 38. Kd4 Kf8 39. Nf6 Bb5 40. Nxh7+ Kg8 41. Kc5 Rb2 42. Rb7 a3 43. Rxb5 Kxh7 44. d7 Rd2 45. Kc6 Rc2+ 46. Kd6 Rxa2 47. d8Q Rd2+ 48. Ke7 a2 49. Ra5 Rd1 50. Qxd1 1-0

[Event "World School-ch U13"]
[Site "Sochi"]
[Date "2016.12.10"]
[Round "8"]
[White "Shourya, Jain"]
[Black "Babakekhyan, Artem"]
[Result "1-0"]
[WhiteElo "1791"]
[BlackElo "2024"]
[PlyCount "112"]
[EventDate "2016.12.03"]
[EventType "swiss"]
[EventRounds "9"]
[EventCountry "RUS"]
[SourceTitle "EXT 2018"]
[Source "ChessBase"]
[SourceDate "2017.10.13"]
[SourceVersion "1"]
[SourceVersionDate "2017.10.13"]
[SourceQuality "1"]

1. e4 c5 2. Nc3 Nc6 3. Bb5 e5 4. Bxc6 bxc6 5. d3 d6 6. Nge2 Ne7 7. 0-0 Ng6 8. f4 exf4 9. Nxf4 Be7 10. Nxg6 hxg6 11. Qf3 Be6 12. e5 d5 13. Ne2 Qb8 14. Bf4 Qb6 15. Rab1 d4 16. c4 0-0-0 17. a3 a5 18. Bd2 g5 19. Rfc1 a4 20. b4 axb3 21. Rb2 Kc7 22. Rcb1 Rb8 23. Nc1 Qa6 24. Rxb3 Rxb3 25. Rxb3 g4 26. Qd1 Rh5 27. Ne2 Rh8 28. Ng3 Rb8 29. Rxb8 Kxb8 30. Qb3+ Qb7 31. Qxb7+ Kxb7 32. Kf2 Kb6 33. Ke2 Bd8 34. Ne4 Bf5 35. Nd6 Bg6 36. g3 Bc7 37. Bf4 Ka5 38. Nb7+ Ka4 39. Nxc5+ Kxa3 40. e6 Bd8 41. Bd6 Ba5 42. e7 f6 43. Ne6+ Kb2 44. Nxg7 Kc2 45. e8Q Bxe8 46. Nxe8 f5 47. Ng7 Bd8 48. Nxf5 Bf6 49. Nh6 Bg7 50. Nxg4 Kb3 51. h4 Ka4 52. h5 Ka5 53. h6 Bh8 54. Bf8 c5 55. Bg7 Kb4 56. Bxh8 Kc3 1-0

[Event "World School-ch U13"]
[Site "Sochi"]
[Date "2016.12.09"]
[Round "7"]
[White "Babakekhyan, Artem"]
[Black "Manafov, Vugar Gulam"]
[Result "1/2-1/2"]
[WhiteElo "2024"]
[BlackElo "1963"]
[PlyCount "146"]
[EventDate "2016.12.03"]
[EventType "swiss"]
[EventRounds "9"]
[EventCountry "RUS"]
[SourceTitle "EXT 2018"]
[Source "ChessBase"]
[SourceDate "2017.10.13"]
[SourceVersion "1"]
[SourceVersionDate "2017.10.13"]
[SourceQuality "1"]

1. Nf3 d5 2. d4 Nf6 3. c4 e6 4. g3 c6 5. Bg2 Bd6 6. Qc2 0-0 7. 0-0 Nbd7 8. Nbd2 Qe7 9. b3 e5 10. dxe5 Nxe5 11. Bb2 Bg4 12. Rfe1 Rfe8 13. Nxe5 Bxe5 14. Bxe5 Qxe5 15. e4 Nxe4 16. Nxe4 Bf5 17. f3 dxe4 18. fxe4 Bg4 19. Qf2 Rad8 20. Qxa7 Rd2 21. Kh1 Qb2 22. Qg1 Re6 23. Rab1 Qc2 24. Rbc1 Qb2 25. Rb1 Qc3 26. Qe3 Qxe3 27. Rxe3 Rf6 28. Rf1 Rxf1+ 29. Bxf1 Rxa2 30. h3 Be6 31. g4 Kf8 32. Be2 Ke7 33. e5 Kd7 34. Kg2 Kc7 35. Kf3 Kb6 36. Bd3 g6 37. Be2 Rd2 38. b4 Rb2 39. b5 Kc5 40. bxc6 bxc6 41. Rc3 Kd4 42. Re3 Rc2 43. Re4+ Kc5 44. Rf4 Rc3+ 45. Kg2 Re3 46. Bf1 Rxe5 47. Kf2 h5 48. Be2 hxg4 49. hxg4 Kb4 50. Rd4 Kc3 51. Rf4 c5 52. Rf3+ Kd2 53. Rd3+ Kc2 54. Rg3 Kd2 55. Rd3+ Kc2 56. Rg3 Kb2 57. Kf3 g5 58. Rg1 Bc8 59. Bd3 Kc3 60. Be2 Bb7+ 61. Kf2 Bc8 62. Kf3 Kc2 63. Kf2 Re4 64. Rg3 Rf4+ 65. Ke1 Be6 66. Bd1+ Kb2 67. Rb3+ Ka2 68. Rb5 Re4+ 69. Kd2 Rd4+ 70. Ke1 Bxg4 71. Bxg4 Rxg4 72. Rxc5 f6 73. Rf5 Re4+ 1/2-1/2

[Event "World School-ch U13"]
[Site "Sochi"]
[Date "2016.12.08"]
[Round "5"]
[White "Abramov, Ilya1111"]
[Black "Babakekhyan, Artem"]
[Result "1/2-1/2"]
[WhiteElo "1859"]
[BlackElo "2024"]
[PlyCount "88"]
[EventDate "2016.12.03"]
[EventType "swiss"]
[EventRounds "9"]
[EventCountry "RUS"]
[SourceTitle "EXT 2018"]
[Source "ChessBase"]
[SourceDate "2017.10.13"]
[SourceVersion "1"]
[SourceVersionDate "2017.10.13"]
[SourceQuality "1"]

1. d4 Nf6 2. c4 g6 3. Nf3 Bg7 4. g3 0-0 5. Bg2 d5 6. cxd5 Nxd5 7. 0-0 Nc6 8. e3 Nb6 9. Nc3 Re8 10. Nh4 e5 11. d5 Ne7 12. e4 Bd7 13. Rb1 c6 14. Be3 cxd5 15. exd5 Nf5 16. Nxf5 Bxf5 17. Rc1 Nc4 18. Qe2 Nxe3 19. fxe3 Qb6 20. Qf2 e4 21. g4 Bxg4 22. Na4 Qd6 23. Qxf7+ Kh8 24. Rc7 Qe5 25. Rxb7 Bf3 26. Qc7 Rf8 27. Qxe5 Bxe5 28. Nc5 Rac8 29. Nxe4 Bxe4 30. Rxf8+ Rxf8 31. Bxe4 Rb8 32. Rxb8+ Bxb8 33. Bf3 Kg7 34. h3 Kf6 35. Kf1 Be5 36. b4 Bc3 37. b5 Ke5 38. Ke2 Kd6 39. Kd3 Be1 40. Kd4 Ba5 41. a4 Bb6+ 42. Kc4 Bxe3 43. a5 Bf2 44. Kd3 Ke5 1/2-1/2

[Event "Kemerovo Region Cup sf"]
[Site "Kemerovo"]
[Date "2014.07.24"]
[Round "7"]
[White "Kuznecov, Stanislav"]
[Black "Babakekhyan, Artem"]
[Result "1-0"]
[WhiteElo "1783"]
[BlackElo "1500"]
[PlyCount "103"]
[EventDate "2014.07.21"]
[EventType "swiss"]
[EventRounds "9"]
[EventCountry "RUS"]
[SourceTitle "EXT 2016"]
[Source "ChessBase"]
[SourceDate "2015.10.08"]
[SourceVersion "1"]
[SourceVersionDate "2015.10.08"]
[SourceQuality "1"]

1. e4 c5 2. f4 d6 3. Nf3 g6 4. Nc3 Bg7 5. Bb5+ Bd7 6. Bxd7+ Qxd7 7. 0-0 Nc6 8. d3 e6 9. Rb1 Nge7 10. Be3 0-0 11. Qe1 Rab8 12. a3 b5 13. Qh4 f5 14. e5 b4 15. Ne2 Nd5 16. Qf2 Nxe3 17. Qxe3 Rb7 18. axb4 Rxb4 19. c3 Rb7 20. d4 c4 21. exd6 Qxd6 22. Ne5 Bxe5 23. dxe5 Qe7 24. Rfd1 Rfb8 25. Rd6 Na5 26. Nd4 Rb6 27. Rxb6 Rxb6 28. Qf3 Nb3 29. Qa8+ Kg7 30. Nxb3 cxb3 31. Rd1 Rb7 32. Qc8 Rc7 33. Qa6 Rd7 34. Rd6 Kf7 35. Kf2 Qe8 36. Qd3 Rc7 37. Qa6 Rd7 38. Ke3 Qe7 39. Qd3 Rc7 40. g3 Rb7 41. c4 Qc7 42. Qd4 a5 43. c5 Qe7 44. c6 Ra7 45. Qa4 Kg7 46. Qxb3 Kf7 47. Qb6 Rc7 48. Qxa5 Kf8 49. Qa8+ Kg7 50. Qa2 Kf7 51. b4 Ra7 52. Qb3 1-0